Hamiltons entdeckung der quaternionen : (erweiterte fassung eines vortrags, gehalten in hamburg vor der Joachim Jungius-Gesellschaft der Wissenschaften am 26. Juni 1973)

Αποθηκεύτηκε σε:
Λεπτομέρειες βιβλιογραφικής εγγραφής
Κύριος συγγραφέας: Waerden, B. L. van der (Bartel Leendert), 1903-1996
Μορφή: Βιβλίο
Γλώσσα:German
Δημοσίευση: Gottingen : Vandenhoeck und Ruprecht, 1973.
Σειρά:Veroeffentlichung der Joachim Jungius-Gessellschaft der Wissenschaften Hamburg
Θέματα:
Ετικέτες: Προσθήκη ετικέτας
Δεν υπάρχουν, Καταχωρήστε ετικέτα πρώτοι!

MARC

LEADER 00000cam a2200000 a 4500
001 1/108811
008 150922s1973####gw | ||| |||| ||ger||
040 |a GR-MyUa  |b gre  |c GR-MyUa  |e AACR2 
041 0 |a ger 
082 7 |a 512.5   |2 (23) 
100 1 |a Waerden, B. L. van der   |q (Bartel Leendert),   |d 1903-1996. 
245 1 0 |a Hamiltons entdeckung der quaternionen :   |b (erweiterte fassung eines vortrags, gehalten in hamburg vor der Joachim Jungius-Gesellschaft der Wissenschaften am 26. Juni 1973) /   |c B. L. van der Waerden. 
260 |a Gottingen :   |b Vandenhoeck und Ruprecht,   |c 1973.  
300 |a 14 σ. ;   |c 24 εκ.  
490 1 |a Veroeffentlichung der Joachim Jungius-Gessellschaft der Wissenschaften Hamburg 
650 0 |a Quaternions. 
830 0 |a Veroeffentlichung der Joachim Jungius-Gessellschaft der Wissenschaften Hamburg 
852 |a INST  |b SAMOS  |c MAG  |e 20150922  |h 512.5 WAE  |p 005300035496  |q 005300035496  |t BK  |y 0 
970 |a Σιτζίμη  |b Γιασεμή  |z 22/09/2015